Ekonomické názory v humanistickém díle Jana Amose Komenského
Stručný životopis J.A. Komenského. Pohľad ekonomickej historiografie. Komenského úvahy o postavení chudobných a bohatých. Formulácia podmienok šťastia národa. Pedagogický prínos J.A. Komenského. Najvýznamnejšie Komenského diela.
Salvato in:
| Autore principale: | |
|---|---|
| Natura: | Capitolo di libro |
| Lingua: | ceco |
| Soggetti: | |
| Tags: |
Nessun Tag, puoi essere il primo ad aggiungerne!!
|
MARC
| LEADER | 00000naa a2200000 4500 | ||
|---|---|---|---|
| 001 | r049022 | ||
| 005 | 20231002112758.8 | ||
| 041 | 0 | |a cze | |
| 044 | |a CZ | ||
| 245 | 1 | 0 | |a Ekonomické názory v humanistickém díle Jana Amose Komenského |c Ilona Bažantová |
| 520 | |a Stručný životopis J.A. Komenského. Pohľad ekonomickej historiografie. Komenského úvahy o postavení chudobných a bohatých. Formulácia podmienok šťastia národa. Pedagogický prínos J.A. Komenského. Najvýznamnejšie Komenského diela. | ||
| 610 | 2 | 0 | |a vzdelávanie |
| 610 | 2 | 0 | |a životopisy |
| 610 | 2 | 0 | |a ekonómia |
| 610 | 2 | 0 | |a bohatí |
| 610 | 2 | 0 | |a chudobní |
| 610 | 2 | 0 | |a národ |
| 610 | 2 | 0 | |a Komenský, J.A. |
| 100 | 1 | |a Bažantová, Ilona | |